| 000 | 00000nam##2200000za#4500 |
| 001 | 9.602768 |
| 003 | CaOODSP |
| 005 | 20240212134142 |
| 007 | cr ||||||||||| |
| 008 | 150406|1993||||xxc|||||o f|0| 0 fre|d |
| 040 | |aCaOODSP|bfre |
| 043 | |an-cn--- |
| 086 | 1 |aNE22-1/1993-6-2F-PDF |
| 110 | 1 |aCanada. |bOffice national de l'énergie. |
| 245 | 10|aMotifs de décision visant Canadian Hydrocarbons Marketing Inc., CanWest Gas Supply Inc., Enron Gas Marketing Inc., New York State Electric & Gas Corporation, Unigas Corporation. Volume II, exportations de gaz : |h[ressource électronique]|bdemandes de licences d'exportation de gaz naturel présentées en vertu de la Partie VI de la Loi sur l'Office national de l'énergie |
| 246 | 1 |iTitre de renvoi : |aUnigas Corporation |
| 260 | |aCalgary - Alberta : |bOffice national de l'énergie |cJuin 1993. |
| 300 | |a31p.|bfigure, tableaux |
| 490 | 1 |aMotifs de décision|vGH-7-92 [vol. 2] |
| 500 | |aLe nº de catalogue (NE22-1/1993-6-2F) et l'ISBN (0-662-98351-3) de l'édition imprimée ont été incorrectement copiés dans cette édition électronique. |
| 590 | |a12-06-Supp|b2012-03-07 |
| 775 | 08|tReasons for decision in the matter of Canadian Hydrocarbons Marketing Inc., CanWest Gas Supply Inc., Enron Gas Marketing Inc., New York State Electric & Gas Corporation, Unigas Corporation, Volume II, gas exports : |w(CaOODSP)9.572415 |
| 776 | 0#|tDemandes de licences d'exportation de gaz naturel présentées en vertu de la Partie VI de la Loi sur l'Office national de l'énergie |w(CaOODSP)9.620882 |
| 830 | #0|aMotifs de décision (Canada. Office national de l'énergie)|vGH-7-92 [vol. 2]|w(CaOODSP)9.500899 |
| 856 | 40|ahttp://publications.gc.ca|qPDF|s59 Ko|uhttps://publications.gc.ca/collections/Collection/NE22-1-1993-6-2F.pdf|yGH-7-92 [vol. 2] |